| 000 | 00576nam a2200229Ia 4500 | ||
|---|---|---|---|
| 005 | 20250425162143.0 | ||
| 008 | 250425s9999 xx 000 0 und d | ||
| 020 | _a9701027310 | ||
| 041 | _aspa | ||
| 082 | _a628.53 | ||
| 100 | _aALLEY, ROBERTS E. | ||
| 245 | 0 | _aMANUAL DE CONTROL DE LA CALIDAD DEL AIRE | |
| 250 | _a1A ED. | ||
| 260 | _aMEXICO | ||
| 260 |
_aMéxico _bMC GRAW-HILL _c2001 |
||
| 300 | _a310 | ||
| 650 | _aCONTAMINACION DEL AIRE | ||
| 650 | _aCONTROL AMBIENTAL | ||
| 700 |
_aHIDALGO MONDRAGON, MARIA _etraductor |
||
| 942 | _c01 | ||
| 010 | _a53249 | ||
| 999 |
_c223403 _d223403 |
||